000 00977cab a2200265 4500
001 ABS59979
008 090401t1999 xxu||||| |||| 00| 0 eng d
035 _a(Sirsi) u90693
041 _aeng
100 _aEdwards, J.
245 4 _aThe application of Information Technology in the construction industry
260 _c1999
350 _a0
490 _aClerk of Works
_v117(1389) January 1999, 4-5(2)
520 _aAn examination of the areas in which information technology and telecommunications (IT&T) can improve the efficiency of the construction industry, as well as potential limitations of IT&T and current trends in its use.
650 _aCOMPUTERS
650 _aCONSTRUCTION INDUSTRY
650 _aMANAGEMENT-BUSINESS MANAGEMENT-INFORMATION MANAGEMENT
650 _aNEW TECHNOLOGY
650 _aTELECOMMUNICATIONS
690 _aMANAGEMENT-BUSINESS MANAGEMENT-INFORMATION MANAGEMENT
700 _aBurrows, C.A.
942 _n0
948 _c14/01/1999
999 _c57511
_d57511